000
00305nam a22000977a 4500
008
150720b xxu||||| |||| 00| 0 eng d
010
_8
HCCRSARF:031
245
_a
HIGH COURT CRIMINAL SESSION NO.279 OF 1975 Uganda Vs Sofia Abur
260
_a
High Court Kampala
500
_3
BEFORE: Hon. Mr. Justice D.L.K. Lubogo
999
_c
7889
_d
7889